000 00448nam a22001697a 4500
005 20251108170625.0
008 250721s1977 xx 000 0 eng d
082 1 4 _a947/GOL
100 1 _aGolikov, V . A .
_eComiled by
245 1 0 _aSoviet Union Political & Economic Reference Book /
264 1 _aMoscow :
_bProgress Publishers,
_c1977.
300 _a533p : ill
650 1 7 _aRussia
650 1 7 _aHistory
942 _2ddc
_cBK
999 _c45039
_d45039